000 00807nam a22001577a 4500
003 OSt
005 20150924164429.0
008 150924b xxu||||| |||| 00| 0 eng d
040 _cRUA
082 _aAGR PEN 2013 BO55 OR.1
100 _91285
_aPENH, LEAKNHAK
245 _aEffectiveness of herbicides on phkarumdoul variety under preykhmer soil condition at osarat commune, teamkok district, takeo province ប្រសិទ្ធិភាពថ្នាំសម្លាប់ស្មៅលើពូជស្រូវផ្ការំដួលលក្ខខណ្ឌដីព្រៃខ្មែរ នៅឃុំអូសារាយ ស្រុកត្រាំកក់ ខេត្តតាកែវ.
260 _aPhnom phen
_bRUA
_c2013
300 _aIX, 42p.
_bill.
_c29cm.
942 _2ddc
_cAGR
999 _c1218
_d1218